Readings in learning and human abilities; (Record no. 1956)

MARC details
000 -LEADER
fixed length control field 00813cam a2200265 4500
001 - CONTROL NUMBER
control field 4098972
003 - CONTROL NUMBER IDENTIFIER
control field OSt
005 - DATE AND TIME OF LATEST TRANSACTION
control field 20150602130757.0
008 - FIXED-LENGTH DATA ELEMENTS--GENERAL INFORMATION
fixed length control field 710706s1971 nyua b 000 0 eng
010 ## - LIBRARY OF CONGRESS CONTROL NUMBER
LC control number 74132663
020 ## - INTERNATIONAL STANDARD BOOK NUMBER
International Standard Book Number 0060454113
040 ## - CATALOGING SOURCE
Original cataloging agency DLC
Transcribing agency DLC
Modifying agency DLC
050 00 - LIBRARY OF CONGRESS CALL NUMBER
Classification number LB1051
Item number .R54 1971
082 00 - DEWEY DECIMAL CLASSIFICATION NUMBER
Classification number 150 REA 1971
100 1# - MAIN ENTRY--PERSONAL NAME
Personal name Ripple, Richard E.,
Relator term ed.
9 (RLIN) 5139
245 10 - TITLE STATEMENT
Title Readings in learning and human abilities;
Remainder of title educational psychology.
Statement of responsibility, etc. Edited by Richard E. Ripple.
250 ## - EDITION STATEMENT
Edition statement 2d ed.
260 ## - PUBLICATION, DISTRIBUTION, ETC. (IMPRINT)
Place of publication, distribution, etc. New York,
Name of publisher, distributor, etc. Harper & Row
Date of publication, distribution, etc. [1971]
300 ## - PHYSICAL DESCRIPTION
Extent xvii, 484 p.
Other physical details illus.
Dimensions 24 cm.
490 0# - SERIES STATEMENT
Series statement Exploration series in education
504 ## - BIBLIOGRAPHY, ETC. NOTE
Bibliography, etc Includes bibliographies.
650 #0 - SUBJECT ADDED ENTRY--TOPICAL TERM
Topical term or geographic name as entry element Educational psychology.
9 (RLIN) 5140
906 ## - LOCAL DATA ELEMENT F, LDF (RLIN)
a 7
b cbc
c orignew
d 2
e ncip
f 19
g y-gencatlg
942 ## - ADDED ENTRY ELEMENTS (KOHA)
Source of classification or shelving scheme Other/Generic Classification Scheme
Koha item type Short Loan
Holdings
Withdrawn status Lost status Source of classification or shelving scheme Damaged status Not for loan Home library Current library Date acquired Source of acquisition Inventory number Total Checkouts Full call number Barcode Date last seen Date last checked out Price effective from Koha item type
    Other/Generic Classification Scheme     MUST Main Library MUST Main Library 02/06/2015 Purchase 3193 1 150 REA 1971 2015-1715 06/07/2022 06/07/2022 02/06/2015 Short Loan